[Event "EU-ch U12 Girls"]
[Site "Bratislava"]
[Date "2019.08.02"]
[Round "1"]
[White "Dobsa, Emma"]
[Black "Gasimova, Samra"]
[Result "0-1"]
[WhiteElo "1317"]
[BlackElo "1641"]
[PlyCount "42"]
[EventDate "2019.08.02"]
[EventType "swiss"]
[EventRounds "9"]
[EventCountry "SVK"]
[SourceTitle "EXT 2020"]
[Source "ChessBase"]
[SourceDate "2019.10.17"]
[SourceVersion "1"]
[SourceVersionDate "2019.10.17"]
[SourceQuality "1"]

1. e4 e6 2. d4 d5 3. exd5 exd5 4. Bd3 c5 5. c3 Nf6 6. Ne2 Bd6 7. Bf4 c4 8. Bc2 Nc6 9. 0-0 0-0 10. Nd2 Re8 11. Nf3 Bg4 12. Bxd6 Qxd6 13. Ng3 Ne4 14. Re1 Ng5 15. Nf5 Qf6 16. N5h4 Rxe1+ 17. Qxe1 Nxf3+ 18. gxf3 Bh3 19. Ng2 Qxf3 20. Ne3 Re8 21. Bd1 Qf4 0-1

[Event "EU Union-ch U10"]
[Site "Kouty nad Desnou"]
[Date "2018.08.14"]
[Round "8"]
[White "Dobsa, Emma"]
[Black "Tiitta, Lotta"]
[Result "0-1"]
[WhiteElo "1290"]
[BlackElo "1053"]
[PlyCount "108"]
[EventDate "2018.08.07"]
[EventType "swiss"]
[EventRounds "9"]
[EventCountry "CZE"]
[SourceTitle "CBM 186 Extra"]
[Source "ChessBase"]
[SourceDate "2018.08.24"]
[SourceVersion "1"]
[SourceVersionDate "2018.08.24"]
[SourceQuality "1"]

1. e4 c5 2. Nf3 g6 3. d4 cxd4 4. Nxd4 Bg7 5. Nc3 Nc6 6. Be3 Nf6 7. Nxc6 bxc6 8. e5 Ng8 9. f4 d6 10. Qf3 dxe5 11. Qxc6+ Bd7 12. Qf3 exf4 13. Bxf4 Nf6 14. Bc7 Bg4 15. Qc6+ Bd7 16. Qf3 Bg4 17. Bb5+ Kf8 18. Bxd8 Bxf3 19. Bxe7+ Kxe7 20. gxf3 Rhd8 21. Rd1 Rxd1+ 22. Kxd1 Rd8+ 23. Kc1 Bh6+ 24. Kb1 Rd2 25. Re1+ Kf8 26. Re2 Rd8 27. a3 Nd7 28. Ne4 Ne5 29. Rf2 Be3 30. Rf1 f5 31. Ng3 Rd2 32. Be2 f4 33. Re1 fxg3 34. hxg3 Bf2 35. Rc1 Rxe2 36. c4 Re1 37. Rxe1 Bxe1 38. c5 Bxg3 39. b4 a6 40. a4 Nd3 41. Kc2 Nxb4+ 42. Kc3 a5 43. Kc4 h5 44. Kb5 Bc7 45. c6 h4 46. Kc5 h3 47. Kd4 h2 48. Ke4 h1Q 49. Ke3 Qe1+ 50. Kd4 Qe5+ 51. Kc4 Qd5+ 52. Kc3 Qd3+ 53. Kb2 Be5+ 54. Kc1 Qc2# 0-1

[Event "EU Union-ch U10"]
[Site "Kouty nad Desnou"]
[Date "2018.08.11"]
[Round "5"]
[White "Janouskova, Adela"]
[Black "Dobsa, Emma"]
[Result "1/2-1/2"]
[WhiteElo "1154"]
[BlackElo "1290"]
[PlyCount "62"]
[EventDate "2018.08.07"]
[EventType "swiss"]
[EventRounds "9"]
[EventCountry "CZE"]
[SourceTitle "CBM 186 Extra"]
[Source "ChessBase"]
[SourceDate "2018.08.24"]
[SourceVersion "1"]
[SourceVersionDate "2018.08.24"]
[SourceQuality "1"]

1. e4 g6 2. d4 d6 3. Nf3 Bg7 4. Nc3 a6 5. Bc4 b5 6. Bb3 e6 7. 0-0 Bb7 8. a3 Nd7 9. Re1 c5 10. dxc5 Nxc5 11. Bg5 Ne7 12. e5 dxe5 13. Nxe5 Qxd1 14. Raxd1 f6 15. Nf3 Bxf3 16. gxf3 fxg5 17. Bxe6 Nxe6 18. Rxe6 Bxc3 19. bxc3 Ra7 20. Rdd6 a5 21. Re5 Rc7 22. Rb6 Kd7 23. Rbxb5 Rhc8 24. Rxa5 Rxc3 25. Rxg5 Rxf3 26. Rge5 Kd8 27. Ra7 Nc6 28. Rd5+ Ke8 29. Rxh7 Rd8 30. Rg5 Ne7 31. Re5 Rd7 1/2-1/2